LIBRARY & INFORMATION CENTRE, KCAET, TAVANUR

ONLINE PUBLIC ACCESS CATALOGUE (OPAC)

Mechanical estimating and costing / (Record no. 1336)

MARC details
000 -LEADER
fixed length control field 00502cam a2200205ua 4500
041 ## - LANGUAGE CODE
Language code of text/sound track or separate title eng
082 ## - DEWEY DECIMAL CLASSIFICATION NUMBER
Classification number 621.80219
Item number BAN/ME
100 ## - MAIN ENTRY--AUTHOR NAME
Personal name Banga, T.R.
245 ## - TITLE STATEMENT
Title Mechanical estimating and costing /
250 ## - EDITION STATEMENT
Edition statement 6 /
260 ## - PUBLICATION, DISTRIBUTION, ETC. (IMPRINT)
Place of publication Delhi :
Name of publisher Khanna publishers ,
Year of publication 1983.
300 ## - PHYSICAL DESCRIPTION
Number of Pages 232 ; .
700 1# - ADDED ENTRY--PERSONAL NAME
Personal name Sharma, S.C.
942 ## - ADDED ENTRY ELEMENTS (KOHA)
Koha item type Books
Holdings
Withdrawn status Lost status Damaged status Home library Current library Date acquired Full call number Accession Number Koha item type
      KAUAET KAUAET 07/04/2012 621.80219 BAN/ME 14552 Books
      KAUAET KAUAET 07/04/2012 621.80219 BAN/ME 14551 Books
free website counter